00715nam a2200253 a 4500001001300000003000900013005001700022008004100039020001000080082001300090100001800103245002300121260004200144300000900186500003500195505001000230650002500240650004000265700001800305902000800323942000700331952010600338999001700444nice12345678IN_TiNIC20260116013519.0050524s1971 dela grp 000 0 eng  ac25000a291bFAR aFarquhar, J N aCrown of Hinduism. aDelhibMunshiram Manoharlal Pubc1971 a468p aincludes index and biblioraphy2 aIndex aComparative Religion aComparative Religion-Chris& Hinduis1 aFarquhar, J N bSRS cBK 00104070aHMIbHMId2007-07-20g250.00l2o291 FARp017257r2026-03-24s2017-01-18w2026-01-16yEB c11291d11291